000 00742cab a2200253 4500
001 WB2605-21
008 090401t1990 xxu||||| |||| 00| 0 eng d
035 _a(Sirsi) u66124
041 _aeng
245 _aTilting at wind bills
260 _c1990
350 _a0
490 _aGuardian
_v26/1/90 p25
490 _aTimes
_v29/1/90 p2(2)
520 _aOverview of sources of renewable energy in the light of privatisation of the electricity industry concentrating in particular on wind power .
650 _aBIOFUELS
650 _aGEOTHERMAL ENERGY
650 _aHYDRO ELECTRICITY
650 _aTIDAL POWER
650 _aWAVE POWER
690 _aENVIRONMENTAL AND LAND CONSULTANCY-ENERGY
942 _n0
948 _c04/03/1997
999 _c41330
_d41330